000 00531nam a2200217Ia 4500
005 20250425162748.0
008 250425s9999 xx 000 0 und d
041 _aspa
082 _a986.606
100 _aLUNA TOBAR, ALFREDO
245 0 _aEL ECUADOR EN LA INDEPENDENCIA DEL PERU 2
250 _a1A ED.
260 _aEcuador
_bMANTILLA HURTADO
_c1986
260 _aQUITO
300 _a406
650 _aHISTORIA DEL ECUADOR
650 _aINDEPENDENCIA
650 _aTERRITORIALIDAD
942 _c01
010 _a106362
999 _c235899
_d235899